Misterio en el campamento
Shranjeno v:
| Glavni avtor: | |
|---|---|
| Format: | Knjiga |
| Jezik: | španščina |
| Izdano: |
Santiago
Ediciones SM Chiel S. A
2009
|
| Serija: | El Barco de Vapor. Serie Naranja, 12
|
| Teme: | |
| Oznake: |
Označite
Brez oznak, prvi označite!
|
MARC
| LEADER | 00000cam a2200000 a 4500 | ||
|---|---|---|---|
| 001 | UCF6949 | ||
| 003 | CL-VaPUC | ||
| 008 | 130530e20090100CL |||||||||||||||||spa|d | ||
| 020 | |a 9789562646000 | ||
| 082 | 0 | 4 | |a Ch863 |b GAR |2 21 |
| 100 | |a García-Huidobro, Beatriz |e author |9 568918 | ||
| 245 | 1 | 0 | |a Misterio en el campamento |
| 300 | |a 175 p | ||
| 942 | |c BK | ||
| 945 | |d 20130530 00:00:00 |a dcastane | ||
| 260 | |a Santiago |b Ediciones SM Chiel S. A |c 2009 | ||
| 650 | 0 | |a Cuentos chilenos |9 308280 | |
| 650 | 0 | |a Literatura chilena |9 308278 | |
| 650 | 0 | |a Literatura infantil |9 307465 | |
| 583 | |a last modification |c 20130530 09:49:00 |k Rodrigo Vera | ||
| 490 | 0 | |a El Barco de Vapor. Serie Naranja, 12 | |
| 999 | |c 351932 |d 351930 | ||